00606nam a2200193 a 450000100060000000300080000600500170001400800410003103500140007204000230008604100130010908200140012224501030013626000520023930000360029165000460032770000190037370000200039237678BD-RjUL20211209052632.0150206s1995 snca b 001 0 eng  a(BD-RjUL) aDLCcDLCdDLCbeng0 aengbfre00a581.8202800aPlant cell, tissue and organ culture :bfundamental methods /cO.L. Gamborg, G.C. Phillps (eds.).  aNNew Delhi, India :b Narosa Pub. House, c1995 axxiv, 348 p. : bill. ;c22 cm. 0aPlant tissue culturexLaboratory manuals. aGamborg, O.L.  aPhillps, G.C.